000 00339nam a22001217a 4500
999 _c8407
_d8408
008 191129b ||||| |||| 00| 0 eng d
082 _a615.321 YAN
100 _aYangzom, Rinchen
245 _aPlants Endemic to Bhutan Himalaya.
260 _aThimphu ;
_bNational Biodiversity of Bhutan,
_c2015.
300 _ax, 160 p.
_c20 cm.
942 _2ddc